000 01718nam a2200397 c 4500
003 BLK
005 20220907153418.0
008 180411b bul|||||r ||||||| ||bul||
010 _aKNG00193575000
020 _a978-954-9535-91-4
_bиздат.: Вакон
040 _aBLK
041 _aBUL
_cBUL
072 7 _2bullib
_aН79
_xСпорт Н
080 _aСпорт. Физическа култура
_b796/799
_x:15
_z796/799:15
080 _aПсихофизиология. Стрес (псих.). Вж и 612.821
_b159.91
_x
_z159.91
100 1 _aКотлър, Стивън
_eпърви автор
_9343576
700 1 _aСтойкова, Евгения Добринова
_eпрев. от англ.
_9343577
139 _aКотлър, Стивън
_bК 87
245 1 0 _aВъзходът на свръхчовека
_bНевероятно изследване на свръхчовешките постижения
_cСтивън Котлър; прев. от англ. Евгения Добринова Стойкова.
257 _aUSA
260 София
_bВакон
_c2016
_fСофия : Алианс принт
300 _a287 с.
_c21 см
380 _a79
500 _aОриг. загл.: The rise of superman / Steven Kotler.
650 4 _aСпортна тренировка - психологични проблеми
_9262729
650 4 _aИнтелект
_9157292
653 _aспортни тренировки
653 _aинтелект
653 _aпсихомоторно развитие
659 _aН
852 _aЦб 282804
856 4 _qpdf
_u
856 4 _qpdf
_u
942 _cKNG
_n0
_02
944 _aCR
_c18.10.2016
_kВиолета_Тройчева
944 _aED
_c02.11.2016
_kГрета_Цуфелде
999 _c184609
_d184609